00426nam a2200157Ia 450000500170000000800410001702000180005804100120007608200170008810000210010524500600012625000120018626000320019830000210023065000170025120260429112056.0260429s9999||||xx |||||||||||||| ||und|| a9789363868090 aEnglish a006.312bPIE aPierson, Lillian 0aData science essentials for dummies / cLillian Pierson a1st ed. aNew Delhi : bWiley,c2025. avii, 182 p.; pbk aData science